Mládežnícke periodiká na zozname ohrozených druhov

"Vymieranie" mládežníckych časopisov – trend 21. storočia. Charakteristika súčasných mládežníckych periodík. Pomôže situácii internet? Prezentácia výsledkov dotazníkového prieskumu, realizovaného na vzorke 233 respondentov vo veku 15 až 20 rokov.

Gespeichert in:
Bibliographische Detailangaben
1. Verfasser: Moravčíková, Mária
Format: Buchkapitel
Sprache:Slowakisch
Schlagworte:
Tags: Tag hinzufügen
Keine Tags, Fügen Sie das erste Tag hinzu!

MARC

LEADER 00000nla a2200000 4500
001 0231044
005 20240417075120.0
041 0 |a slo 
044 |a SK 
245 1 0 |a Mládežnícke periodiká na zozname ohrozených druhov  |c Mária Moravčíková 
520 |a "Vymieranie" mládežníckych časopisov – trend 21. storočia. Charakteristika súčasných mládežníckych periodík. Pomôže situácii internet? Prezentácia výsledkov dotazníkového prieskumu, realizovaného na vzorke 233 respondentov vo veku 15 až 20 rokov. 
610 2 0 |a mládež 
610 2 0 |a časopisy 
610 2 0 |a preferencie 
610 2 0 |a dotazníky 
100 1 |a Moravčíková, Mária